000
00244nam a2200097Ia 4500
005
20251222114402.0
008
251222s1900||||xx |||||||||||||| ||spa||
082
_a
DVD0040/M12/2003
245
0
_a
Leones de segunda mano:Secondhand Lions
942
_c
DVD
999
_c
1663
_d
1663